| 000 | 00578nam a2200169Ia 4500 | ||
|---|---|---|---|
| 008 | 090711s9999 xx 000 0 und d | ||
| 082 | _b33162 | ||
| 100 | _aभावे पुरुषोत्तम भा. | ||
| 245 | _aमागं वळून | ||
| 260 |
_bकुलकर्णी ग्रंथागार _c1967 |
||
| 300 | _a172 | ||
| 600 | _aभावे पुरुषोत्तम भा. | ||
| 630 | _aमागं वळून | ||
| 700 | _aभावे पुरुषोत्तम भा. | ||
| 730 | _aमागं वळून | ||
| 942 | _cBOOK | ||
| 999 |
_c330401 _d330401 |
||